Piłkarze z dwoma narodowościami. - Statystyki

Ogólne statystyki
  • Ten quiz został rozwiązany 43 razy
  • Średni wynik to 14 z 150
Statystyki odpowiedzi
Miejsce klubu w lidze Narodowści Liga Piłkarz % Poprawnych
1 Hiszpania,Argentyna La Liga Lionel Messi
55%
1 Szwajcaria,Chorwacja La Liga Ivan Rakitic
45%
2 Hiszpania,Kolumbia La Liga James Rodríguez
36%
2 Algieria,Francja La Liga Karim Benzema
36%
1 Włochy,Urugwaj La Liga Luis Suárez
36%
1 Senegal,Francja La Liga Samuel Umtiti
36%
1 Gwinea Bissau,Hiszpania La Liga Ansu Fati
33%
2 Hiszpania,Urugwaj La Liga Federico Valverde
33%
2 Hiszpania,Dominikana La Liga Mariano Díaz
33%
1 Surinam,Holandia Premier League Virgil van Dijk
33%
1 Liberia,Kanada Bundesliga Alphonso Davies
30%
1 Surinam,Holandia Premier League Georginio Wijnaldum
30%
1 Niemcy,Kamerun Premier League Joel Matip
30%
2 Martynika,Francja La Liga Raphaël Varane
30%
1 Brazylia,Hiszpania Bundesliga Thiago
30%
1 Kosowo,Szwajcaria Premier League Xherdan Shaqiri
30%
2 Filipiny,Francja La Liga Alphonse Areola
27%
2 Hiszpania,Brazylia La Liga Casemiro
27%
1 Włochy,Brazylia La Liga Neto
27%
2 Francja,Algieria Premier League Riyad Mahrez
27%
2 Senegal,Francja La Liga Ferland Mendy
24%
2 Francja,Niemcy Premier League Leroy Sané
24%
1 Gujana,Dania La Liga Martin Braithwaite
24%
1 Włochy,Argentyna Serie A Paulo Dybala
24%
2 Jamajka,Anglia Premier League Raheem Sterling
24%
1 Tunezja,Niemcy Serie A Sami Khedira
24%
2 Senegal,Francja Premier League Benjamin Mendy
21%
1 Togo,Francja Bundesliga Corentin Tolisso
21%
1 Kenia,Belgia Premier League Divock Origi
21%
1 Francja,Argentyna Serie A Gonzalo Higuaín
21%
1 Dominikana,Hiszpania La Liga Júnior Firpo
21%
2 Hiszpania,Brazylia La Liga Marcelo
21%
1 Luksemburg,Bośnia i Hercegowina Serie A Miralem Pjanic
21%
1 Portugalia,Brazylia Bundesliga Philipe Coutinho
21%
2 Hiszpania,Argentyna Premier League Sergio Agüero
21%
2 Hiszpania,Maroko Bundesliga Achraf Hakimi
18%
2 Portugalia,Brazylia Premier League Ederson
18%
1 Gambia,Anglia Premier League Joe Gomez
18%
1 Hiszpania,Kostaryka Ligue 1 Keylor Navas
18%
1 Gwadelupa,Francja Bundesliga Kingsley Coman
18%
1 Hiszpania,Francja Bundesliga Lucas Hernández
18%
1 Angola,Francja Serie A Blaise Matuidi
15%
2 Hiszpania,Chile Premier League Claudio Bravo
15%
1 Polska,Francja Ligue 1 Layvin Kurzawa
15%
1 Wybrzeże Kości Słoniowej,Niemcy Bundesliga Serge Gnabry
15%
2 Martynika,Belgia Bundesliga Axel Witsel
12%
1 Wlochy,Urugwaj Ligue 1 Edinson Cavani
12%
2 Demokratyczna Republika Konga,Belgia Serie A Jordan Lukaku
12%
3 Demokratyczna Republika Konga,Belgia Serie A Romelu Lukaku
12%
3 Niemcy,Węgry Bundesliga Willi Orban
12%
1 Włochy,Argentyna Ligue 1 Ángel Di María
9%
1 Nigeria,Holandia Bundesliga Joshua Zirkzee
9%
2 Nigeria,Szwajcaria Bundesliga Manuel Akanji
9%
2 Holandia,Hiszpania La Liga Marco Asensio
9%
3 Wyspy Zielonego Przylądka,Portugalia Premier League Ricardo Pereira
9%
1 Indie,Nowa Zelandia Bundesliga Sarpreet Singh
9%
1 Burundi,Niemcy Ligue 1 Thilo Kehrer
9%
3 Anglia,Jamajka Premier League Wes Morgan
9%
3 Hiszpania,Urugwaj Serie A Diego Godín
6%
2 Turcja,Niemcy Bundesliga Emre Can
6%
1 Niemcy,Kamerun Ligue 1 Eric Maxim Choupo-Moting
6%
1 Kosowo,Niemcy Bundesliga Leon Dajaku
6%
1 Portugalia,Brazylia Ligue 1 Marquinhos
6%
1 Włochy,Argentyna Ligue 1 Mauro Icardi
6%
1 Demokratyczna Republika Konga,Francja Ligue 1 Presnel Kimpembe
6%
2 Francja,Portugalia Bundesliga Raphaël Guerreiro
6%
1 Francja,Brazylia Ligue 1 Thiago Silva
6%
2 USA,Dania Bundesliga Thomas Delaney
6%
3 Demokratyczna Republika Konga,Belgia Premier League Youri Tielemans
6%
1 Senegal,Francja Ligue 1 Abdou Diallo
3%
3 Nigeria,Anglia Bundesliga Ademola Lookman
3%
2 Maroko,Hiszpania La Liga Brahim Díaz
3%
3 Demokratyczna Republika Konga,Francja Bundesliga Christopher Nkunku
3%
2 Wybrzeże Kości Słoniowe,Francja Bundesliga Dan-Axel Zagadou
3%
3 Gwinea Bissau,Francja Bundesliga Dayot Upamecano
3%
3 Jamajka,Anglia Premier League Demarai Gray
3%
3 Bośnia i Hercegowina,Szwajcaria Premier League Eldin Jakupovic
3%
3 Anglia,Walia Bundesliga Ethan Ampadu
3%
3. Hiszpania,Argentyna La Liga Éver Banega
3%
3 Portugalia,Brazylia La Liga Fernando
3%
3. Włochy,Argentyna La Liga Franco Vázquez
3%
3 Bangladesz,Anglia Premier League Hamza Choudhury
3%
3 Maroko,Hiszpania La Liga Munir El Haddadi
3%
3 Senegal,Francja Premier League Nampalys Mendy
3%
1 Grenada,Anglia Premier League Nathaniel Clyne
3%
3 Holandia,Serbia La Liga Nemanja Gudelj
3%
3 Demokratyczna Republika Konga,Francja Bundesliga Nordi Mukiele
3%
1 Brazylia,Niemcy Bundesliga Oliver Batista Meier
3%
2 Hiszpania,Serbia Serie A Sergej Milinkovic-Savic
3%
3 Anglia,Nigeria Serie A Victor Moses
3%
3 Tanzania,Dania Bundesliga Yussuf Poulsen
3%
2 Francja,Komory Ligue 1 Abdallah Ali Mohamed
0%
2 Serbia,Czarnogóra Serie A Adam Marusic
0%
1 Algieria,Francja Ligue 1 Adil Aouchiche
0%
2 Brazylia,Włochy Serie A André Anderson
0%
3 Jamajka,Anglia Serie A Ashley Young
0%
2 Nigeria,Holandia Serie A Bobby Adekanye
0%
3 Kanada,Maroko La Liga Bono
0%
2 Senegal,Francja Ligue 1 Boubacar Kamara
0%
2 Gwinea,Francja Ligue 1 Bouna Sarr
0%
1 Benin,Francja Ligue 1 Colin Dagba
0%
3 Portugalia,Francja Ligue 1 Damien Da Silva
0%
2 Meksyk,Argentyna Ligue 1 Darío Benedetto
0%
2 Jamajka,Holandia Serie A Djavan Anderson
0%
3 Gwinea Bissau,Senegal Ligue 1 Edouard Mendy
0%
3 Angola,Francja Ligue 1 Eduardo Camavinga
0%
3 Kongo,Francja Ligue 1 Faitout Maouassa
0%
2 Hiszpania,Ekwador Serie A Felipe Caicedo
0%
1 Haiti,Francja Ligue 1 Garissone Innocent
0%
3 Kamerun,Francja Ligue 1 Gerzino Nyamsi
0%
2 Portugalia,USA Bundesliga Giovanni Reyna
0%
2 Chorwacja,Francja Ligue 1 Grégory Sertic
0%
2 Komory,Francja Ligue 1 Isaac Lihadji .
0%
3 Kamerun,Francja Ligue 1 James Léa Siliki
0%
3 Francja,Madagaskar Ligue 1 Jérémy Morel
0%
2 Włochy,argentyna Serie A Joaquín Correa
0%
2 Togo,Francja Ligue 1 Jordan Amavi
0%
3 USA,Francja Ligue 1 Jordan Siebatcheu
0%
3 Wybrzeże Kości Słoniowej,Francja Ligue 1 Joris Gnagnon
0%
3 Benin,Francja La Liga Jules Koundé
0%
1 Kamerun,Francja Ligue 1 Loïc Mbe Soh
0%
3 Portugalia,Francja Ligue 1 Lucas Da Cunha
0%
2 Włochy,Brazylia Seriee A Lucas Leiva
0%
3 Kamerun,Francja Serie A Lucien Agoume
0%
2 Włochy,Brazylia Serie A Luiz Felipe
0%
2 Syria,Niemcy Bundesliga Mahmoud Dahoud
0%
3 Togo,Niemcy Bundesliga Malik Talabidi
0%
2 Wybrzeże Kości Słoniowej,Francja Ligue 1 Marley Aké
0%
3 Włochy,Urugwaj Serie A Matías Vecino
0%
2 Algieria,Francja Ligue 1 Maxime López
0%
3 Francja,Senegal Ligue 1 M'Baye Niang
0%
3 Francja,Turcja Ligue 1 Metehan Güclü
0%
2 Norwegia,USA Premier League Mix Diskerud
0%
2 Włochy,Niemcy Bundesliga Nico Shulz
0%
3 Francja,Demokratyczna Republika Konga Ligue 1 Pépé Bonet
0%
3 Algieria,Francja Ligue 1 Rafik Guitane
0%
3 Włochy,Brazylia Ligue 1 Raphinha
0%
2 Surinam,Holandia Serie A Ricardo Kishna
0%
3 Demokratyczna Republika Konga,Francja Ligue 1 Riffi Mandanda
0%
3 Hiszpania,Francja Ligue 1 Romain Del Castillo
0%
3. Brazylia,Portugalia La Liga Rony Lopes
0%
3 Kamerun,Francja Ligue 1 Sacha Boey
0%
2 Francja,Tunezja Ligue 1 Saîf-Eddine Khaoui
0%
2 Szwajcaria,Bośnia i Hercegowina Serie A Senad Lulic
0%
2 Włochy,Belgia Serie A Silvio Proto
0%
2 Demokratyczna Republika Konga,Francja Ligue 1 Steve Mandanda
0%
3 Demokratyczna Republika Konga,Francja Ligue 1 Steven Nzonzi
0%
1 Wybrzeże Kości Słoniowej,Francja Ligue 1 Tanguy Kouassi
0%
3 Wybrzeże Kości Słoniowej,Francja Ligue 1 Yann Gboho
0%
3 Kamerun,Szwajcaria Bundesliga Yvon Mvogo
0%
Nie znaleziono quizów pasujących do podanych kryteriów
Rozkład punktacji
Procent ludzi z każdym wynikiem
Percentyl według liczby udzielonych odpowiedzi
Twoja historia wyników
Nie rozwiązałeś tego quizu